000 02898nam0a2200313 4500
001 RU\NLR\BIBL_A\011746914
005 20180807170155.0
021 _aRU
_bКН-П-18-041462
_9КН-П-18-2990
035 _a(NLR Aleph) 011746914
035 _a(RuMoRGB)009653508
090 _a11608088
_c11608088
100 _a20180710d2018 k y0rusy50 ca
101 0 _arus
_aeng
102 _aRU
105 _aa zzzz10100zy
200 1 _aИсследовательская работа как залог формирования профессиональной компетенции специалиста
_eматериалы XVI Краевой научно-практической конференции обучающихся профессиональных образовательных организаций среднего профессионального образования Пермского края, 17 мая 2018 г.
_fМинистерство образования и науки Пермского края, Совет директоров профессиональных образовательных организаций среднего профессионального образования Пермского края, Совет заместителей директора по методической работе НОО СПО Пермского края, КГАПОУ "Краевой индустриальный техникум"
_g[составитель: В. П. Голубева, к.п.н.]
210 _aПермь
_cКГАПОУ "Краевой индустриальный техникум"
_d2018
215 _a297 с.
_cил., цв. ил., табл.
_d21
300 _aТекст рус., англ.
606 1 _aУчреждения среднего профессионального образования
_xНаучно-исследовательская работа учащихся
_jСъезды, совещания и т.п
_2nlr_sh2
_3RU\NLR\AUTH\661524743
686 1 _aЧ471.268я431
702 1 _aГолубева
_bВ. П.
_cканд. пед. наук
_gВиктория Петровна
_3RU\NLR\AUTH\770166684
_4220
711 1 2 _a"Исследовательская работа как залог формирования профессиональной компетенции специалиста", краевая научно-практическая конференция обучающихся профессиональных образовательных организаций среднего профессионального образования
_d16
_f2018
_eПермь
_3RU\NLR\AUTH\880476683
942 _cBOOK
980 _aNBR
980 _aNB